Real Racing Club Squad 2025-2026 - Statistics

General Stats
  • This quiz has been taken 31 times
    3 since last reset
  • The average score is 26 of 29
Answer Stats
# Position Nation Player % Correct
2 DF Spain Álvaro Mantilla
100%
11 FW Spain Andrés Martín
100%
8 MF Spain Aritz Aldasoro
100%
12 FW Spain Asier Villalibre
100%
17 DF France Clément Michelin
100%
23 MF Spain Damián Rodríguez
100%
16 DF Uruguay Facundo González
100%
19 MF Colombia Gustavo Puerta
100%
6 MF Spain Íñigo Sainz-Maza
100%
10 FW Spain Iñigo Vicente
100%
5 DF Spain Javi Castro
100%
29 FW Ecuador Jeremy Arévalo
100%
1 GK Spain Jokin Ezkieta
100%
32 DF Spain Jorge Salinas
100%
- Coach Spain José Alberto López
100%
9 FW Spain Juan Carlos Arana
100%
14 MF Senegal Maguette Gueye
100%
4 DF Spain Manu Hernando
100%
3 DF Spain Mario García
100%
21 DF Spain Pablo Ramón
100%
20 FW Gambia Suleiman Camara
100%
7 FW Spain Yeray Cabanzón
100%
7 FW Georgia Giorgi Guliashvili
67%
17 FW Spain Jaime Mata
67%
27 FW Spain Manex Lozano
67%
15 FW Spain Marco Sangalli
67%
18 MF Spain Peio Canales
67%
13 GK Bulgaria Plamen Andreev
67%
13 GK Sweden Simon Eriksson
33%
No matching quizzes found
Score Distribution
Percent of People with Each Score
Percentile by Number Answered
Your Score History
You have not taken this quiz since the last reset